A munkával való elégedettség nemzetközi összehasonlításban

Elmentve itt :
Bibliográfiai részletek
Szerzők: Szondi Ildikó
Nagy Gabriella
Dokumentumtípus: Cikk
Megjelent: 2013
Sorozat:Acta Universitatis Szegediensis : forum : acta juridica et politica 3 No. 2
Kulcsszavak:Munkakörülmények nemzetközi összehasonlító elemzés, Munkalélektan stressz
Tárgyszavak:
Online Access:http://acta.bibl.u-szeged.hu/36351
LEADER 00848nab a2200217 i 4500
001 acta36351
005 20231106150052.0
008 161017s2013 hu o 0|| hun d
022 |a 0324-6523 
040 |a SZTE Egyetemi Kiadványok Repozitórium  |b hun 
041 |a hun 
100 1 |a Szondi Ildikó 
245 1 2 |a A munkával való elégedettség nemzetközi összehasonlításban  |h [elektronikus dokumentum] /  |c  Szondi Ildikó 
260 |c 2013 
300 |a 271-291 
490 0 |a Acta Universitatis Szegediensis : forum : acta juridica et politica  |v 3 No. 2 
650 4 |a Társadalomtudományok 
650 4 |a Jogtudomány 
695 |a Munkakörülmények nemzetközi összehasonlító elemzés, Munkalélektan stressz 
700 0 1 |a Nagy Gabriella  |e aut 
856 4 0 |u http://acta.bibl.u-szeged.hu/36351/1/juridpol_forum_003_002_271-291.pdf  |z Dokumentum-elérés